000 00319nam a22001457a 4500
008 221107b ||||| |||| 00| 0 eng d
020 _a9780198567974
041 _aeng
080 _2VOLUME 2
_a61
082 _a61 DAV
100 _a4
101 _aMJK
245 _aCLINICAL NEPHROLOGY
_cDAVISON A
942 _2udc
_cBK
999 _c58775
_d58775